LEADER 01395nam a2200301 u 4500 001 000000068918 003 CaOOAMICUS 005 20070226121842.0 008 020322m19801988it u000 u ita u 035 $a10924984 040 $aPUL(R)$bita 100 1 $aPighi, Giovanni Battista,$d1898-1978.$0(OLS)http://pul/name/6623 245 10$aCenni storici sulla chiesa veronese /$cGiovanni Battista Pighi. 260 $aVerona :$bRistampa a cura del periodico "il Seminario",$c1980-1988. 300 $a2 v. ;$c25 cm 490 1 $aStudi e documenti di storia e liturgia ;$vIII, III/2 500 $aContiene indice. 504 $aBibliografia in nota. 651 4$aVerona$xStoria ecclesiastica.$0(OLS)http://pul/subject/24648 830 0$aStudi e documenti di storia e liturgia ;$vIII, III/2.$0(OLS)http://pul/title/91074 850 $aPUL 852 $aPUL$W1$xSL Filosofia 1$y2$m120 E 46-47$j89069$nBK-PRI$b $qStampati$B89069$CPULBib$Z2$F89069 $H $81 852 $aPUL$W1$xSL Filosofia 1$y2$m120 E 46-47$j89069$nBK-PRI$b $qStampati$B89070$CPULBib$Z2$F89070 $H $81 941 1 $a8 961 $aINV: 63612-3 961 $aINV: 63612-3 996 $6245$aCenni storici sulla chiesa veronese$9(OLS)http://pul/title/91073 996 $6260$aVerona :$bRistampa a cura del periodico "il Seminario"$9(OLS)http://pul/publisher/72374 LEADER 01491nam a2200337 a 4500 001 000000148065 003 CaOOAMICUS 005 20151210142717.0 008 151210s2016 it u000 u ita r 020 $a978-88-13-354893* 032 $aLibriCat 040 $aPUL$bita 082 04$a347.45 100 1 $aSoldi, Anna Maria.$0(OLS)http://pul/name/72533 245 10$aManuale dell'esecuzione forzata /$cAnna Maria Soldi. 250 $a5. ed. 260 $aPadova :$bCEDAM,$c2016$aMilanofiori Assago :$bWolters Kluwer 300 $aLXXII, 2331 p. ;$c25 cm. 500 $aSul front.: Aggiornato con l'analisi ragionata della riforma introdotta dalla legge 6 agosto 2015, n. 132 che ha modificato la disciplina delle procedure esecutive. 500 $aLibro già in circolazione dal 2015. 504 $aBibliografia in nota. 650 4$aProcedura civile$zItalia.$0(OLS)http://pul/subject/14566 850 $aPUL 852 $aPUL$W1$xDP2 Diritto e Scienze Sociali 3$y110$m347. 45 SOLAN 2$j170842$qDDC 21$B171892$CPULBib$Z2$F171892 $H126586 $82 941 1 $a9 996 $6020$a978-88-13-354893*$9(OLS)http://pul/number/159252 996 $6082$a347.45$9(OLS)http://pul/classification/384 996 $6245$aManuale dell'esecuzione forzata$9(OLS)http://pul/title/148831 996 $6260$aPadova :$bCEDAM$9(OLS)http://pul/publisher/48126 996 $6260$aMilanofiori Assago :$bWolters Kluwer$9(OLS)http://pul/publisher/81463